| 000 | 01221nam a2200337 a 4500 | ||
|---|---|---|---|
| 003 | MX-MxUPN | ||
| 005 | 20250808063908.0 | ||
| 008 | 991125s1924 mx 000 0 spa u | ||
| 035 | _aUPN01000004390 | ||
| 040 |
_aMX-MxUPN _bspa _cMX-MxUPN |
||
| 041 | _aspa | ||
| 050 | 4 |
_aLB1589 M6.2 _bA74 1924 |
|
| 245 | 0 | 0 |
_aAritmética : _bteórico-práctica y nociones de geometría : segundo grado |
| 246 | 1 | 4 |
_aAritmética : _bsegundo grado y nociones de geometría |
| 250 | _aNovena edición | ||
| 260 |
_aMéxico, D.F. : _bColección F.T.D., _c1924. |
||
| 300 |
_a207 página : _bilustraciones |
||
| 490 | 0 | _aLibros escolares F.T.D. Matemáticas | |
| 500 | _aEs una miscelánea. | ||
| 505 | 0 | 0 |
_tNociones de geometría práctica / _rF.T.D. _g(61 páginas) |
| 650 | 4 |
_aAritmética _xEstudio y enseñanza (Elemental) _95289 |
|
| 650 | 4 |
_aGeometría _xEstudio y enseñanza (Elemental) _94869 |
|
| 650 | 4 |
_aMatemáticas _xEstudio y enseñanza (Elemental) _92809 |
|
| 650 | 4 |
_aAritmética _944734 _vLibros de texto |
|
| 650 | 4 |
_aGeometría _944735 _vLibros de texto |
|
| 650 | 4 |
_aMatemáticas _vLibros de texto _919875 |
|
| 902 | _bMaríaRobles/130524 | ||
| 905 | _aLibro | ||
| 942 |
_2lcc _cLIBRO _n0 |
||
| 999 |
_c4390 _d4390 |
||